000 00303nam a22001097a 4500
999 _c15206
_d15206
008 200305b ||||| |||| 00| 0 eng d
245 _aMartial law, another year.
260 _aDavao City, Philippines;
_bSunstar Davao,
_c©2019.
300 _apage 2;
_c29.5cm.
650 _aLaw.
_941984
942 _2ddc
_cPER